| 000 | 00798pab a2200169 454500 | ||
|---|---|---|---|
| 008 | 180718b2004 xxu||||| |||| 00| 0 eng d | ||
| 100 | _aKulkarni, Sumati | ||
| 245 | _aInputs and process: an inside view | ||
| 260 | _c2004 | ||
| 300 | _ap.652-63. | ||
| 362 | _a14 Feb | ||
| 520 | _aNFHS-2 was launched in November 1998, covering a representative sample of more than 90,000 women from 26 states in India and was completed by June 1999, except for Tripura which completed fieldwork in July 2000. The all-India report was released in October 2000. This article goes down memory lane throwing light on the whole process, the problems and the successes. - Reproduced. | ||
| 650 | _aHealth services - India | ||
| 650 | _aHealth services | ||
| 773 | _aEconomic and Political Weekly | ||
| 909 | _a59580 | ||
| 999 |
_c59580 _d59580 |
||